[Event "Titled Tue 1st Jul Early"]
[Site "chess.com INT"]
[Date "2025.07.01"]
[Round "9"]
[White "Sahin, Sarp"]
[Black "Mende, Andreas"]
[Result "1-0"]
[WhiteTitle "CM"]
[BlackTitle "CM"]
[WhiteElo "2187"]
[BlackElo "2113"]
[WhiteFideId "51605066"]
[BlackFideId "4631102"]
[EventDate "2025.07.01"]

1. Nf3 Nf6 2. b4 g6 3. Bb2 Bg7 4. g3 d5 5. Bg2 O-O 6. O-O a5 7. bxa5 c5 8. e3
Rxa5 9. d3 Nc6 10. Nbd2 h6 11. Nb3 Ra8 12. Nxc5 Qb6 13. Nb3 Bd7 14. Ne5 Nxe5 15.
Bxe5 Rfc8 16. Qe2 e6 17. Rfc1 Ba4 18. Rab1 Qd8 19. Nd4 Qd7 20. c4 Ne8 21. Bxg7
Kxg7 22. Qb2 e5 23. Ne2 1-0

[Event "Titled Tue 1st Jul Early"]
[Site "chess.com INT"]
[Date "2025.07.01"]
[Round "9"]
[White "Fikiet, Alex"]
[Black "Gavarrete, Nahun"]
[Result "1-0"]
[BlackTitle "FM"]
[WhiteElo "2151"]
[BlackElo "2281"]
[WhiteFideId "2052717"]
[BlackFideId "8400709"]
[EventDate "2025.07.01"]

1. e4 e5 2. Bc4 Nf6 3. d3 Nc6 4. Nc3 Bc5 5. f4 d6 6. Nf3 O-O 7. f5 Bd4 8. Nxd4
Nxd4 9. g4 Nd7 10. a3 Qh4+ 11. Kf1 Qh3+ 12. Kf2 Nf6 13. Rg1 Qxh2+ 14. Rg2 Qh4+
15. Kg1 Qh3 16. g5 Nf3+ 17. Kf2 Ng4+ 18. Rxg4 Qxg4 19. Qxf3 Qh4+ 20. Qg3 Qxg3+
21. Kxg3 c6 22. Bd2 Kh8 23. Rh1 b5 24. Ba2 Bb7 25. g6 fxg6 26. fxg6 h6 27. Bf7
Rad8 28. Nd1 d5 29. Nf2 Rd6 30. Ng4 Bc8 31. Bxh6 gxh6 32. Rxh6+ Kg7 33. Rh7# 1-0

[Event "Titled Tue 1st Jul Early"]
[Site "chess.com INT"]
[Date "2025.07.01"]
[Round "9"]
[White "Habans Aguerrea, Javier"]
[Black "Hansen, Eric"]
[Result "0-1"]
[WhiteTitle "IM"]
[BlackTitle "GM"]
[WhiteElo "2448"]
[BlackElo "2609"]
[WhiteFideId "24524689"]
[BlackFideId "2606771"]
[EventDate "2025.07.01"]

1. d4 Nf6 2. Bg5 d5 3. e3 e6 4. Nf3 h6 5. Bh4 Be7 6. Bd3 b6 7. Nbd2 Bb7 8. O-O
O-O 9. c3 c5 10. Ne5 Ne4 11. Bxe7 Qxe7 12. Qc2 Nd6 13. a4 Nc6 14. Ndf3 Rac8 15.
Nxc6 Bxc6 16. a5 c4 17. Be2 b5 18. Ne5 Be8 19. Bh5 Rb8 20. f3 Qg5 21. Bg4 Qxe3+
22. Kh1 b4 23. Rae1 Qf4 24. g3 Qf6 25. f4 bxc3 26. bxc3 Rb3 27. f5 exf5 28. Bxf5
Nxf5 29. Rxf5 Rxc3 30. Qf2 Qd6 31. Qf4 f6 32. Qd2 Rb3 33. Ref1 c3 34. Qc1 Bb5
35. R1f2 Qb4 36. Ng4 Rb1 0-1

[Event "Titled Tue 1st Jul Early"]
[Site "chess.com INT"]
[Date "2025.07.01"]
[Round "9"]
[White "Aakash, G"]
[Black "Bilochenko, Matvii"]
[Result "1-0"]
[WhiteTitle "FM"]
[BlackTitle "CM"]
[WhiteElo "2126"]
[BlackElo "2005"]
[WhiteFideId "25644394"]
[BlackFideId "41834062"]
[EventDate "2025.07.01"]

1. d4 d5 2. c4 e6 3. Nc3 c5 4. cxd5 cxd4 5. Qa4+ Bd7 6. Qxd4 exd5 7. Qxd5 Nf6 8.
Qxb7 Nc6 9. Bf4 Bb4 10. e3 a6 11. Bxa6 O-O 12. Ne2 Qa5 13. Bc4 Qc5 14. Qb5 Qe7
15. Qg5 Ra5 16. Qh4 Rh5 17. Qg3 Ne4 18. Qf3 Rh4 19. O-O Nd2 20. Qd5 Nxf1 21.
Rxf1 Bxc3 22. Nxc3 Nb4 23. Qd2 Nc6 24. Bd6 Qg5 25. Bxf8 Rxc4 26. Qxd7 Ne5 27.
Qd5 Rg4 28. f4 1-0

[Event "Titled Tue 1st Jul Early"]
[Site "chess.com INT"]
[Date "2025.07.01"]
[Round "9"]
[White "Gonzalez Mojica, Renan Arturo"]
[Black "Nazin, Roman"]
[Result "0-1"]
[WhiteTitle "FM"]
[BlackTitle "CM"]
[WhiteElo "2098"]
[BlackElo "2250"]
[WhiteFideId "4482379"]
[BlackFideId "4137167"]
[EventDate "2025.07.01"]

1. d4 c5 2. d5 e5 3. c4 d6 4. Nc3 Be7 5. f4 exf4 6. Bxf4 Bg5 7. e3 Bxf4 8. exf4
Nf6 9. Nf3 O-O 10. Be2 Bg4 11. O-O a6 12. a4 Nbd7 13. a5 Re8 14. Bd3 Qe7 15. Re1
Bxf3 16. Qxf3 Qxe1+ 17. Rxe1 Rxe1+ 18. Kf2 Rae8 19. g4 R1e3 20. Qd1 Re1 21. Qf3
R8e3 22. Qxe3 Rxe3 23. Kxe3 Nxg4+ 24. Kd2 Ngf6 25. Bf5 Kf8 0-1

[Event "Titled Tue 1st Jul Early"]
[Site "chess.com INT"]
[Date "2025.07.01"]
[Round "9"]
[White "Xalmatov, Yakubjon"]
[Black "Huseynova, Lala"]
[Result "1-0"]
[WhiteTitle "CM"]
[BlackTitle "WFM"]
[WhiteElo "2096"]
[BlackElo "2045"]
[WhiteFideId "14201615"]
[BlackFideId "13431781"]
[EventDate "2025.07.01"]

1. e4 c5 2. Nf3 d6 3. Bb5+ Nc6 4. Bxc6+ bxc6 5. O-O g6 6. c3 Bg7 7. h3 Nf6 8.
Re1 O-O 9. d4 cxd4 10. cxd4 Bb7 11. Nc3 e6 12. Bg5 h6 13. Bh4 g5 14. Bg3 Nh5 15.
Bh2 f5 16. exf5 exf5 17. Qb3+ Rf7 18. Re6 g4 19. Rxd6 Qf8 20. Ne5 Bxe5 21. Bxe5
gxh3 22. gxh3 Kh7 23. Qe6 Rg7+ 24. Kh2 Rg5 25. Rd7+ Ng7 26. Rxb7 f4 27. Rg1 Rxg1
28. Kxg1 Qg8 1-0

[Event "Titled Tue 1st Jul Early"]
[Site "chess.com INT"]
[Date "2025.07.01"]
[Round "9"]
[White "Dann, Matthias"]
[Black "Vokhidov, Shamsiddin"]
[Result "1-0"]
[WhiteTitle "IM"]
[BlackTitle "GM"]
[WhiteElo "2434"]
[BlackElo "2650"]
[WhiteFideId "24638056"]
[BlackFideId "14204223"]
[EventDate "2025.07.01"]

1. e4 d5 2. exd5 Qxd5 3. Nc3 Qa5 4. d4 Bf5 5. Bc4 e6 6. Bd2 Nf6 7. Qe2 c6 8. d5
cxd5 9. Nxd5 Qd8 10. Nxf6+ Qxf6 11. O-O-O Nc6 12. Bc3 Qg5+ 13. Kb1 Be7 14. Nf3
Qg6 15. h3 O-O 16. g4 Be4 17. Rhe1 Bxf3 18. Qxf3 Rad8 19. Bd3 Qg5 20. h4 Qc5 21.
Qe4 g6 22. h5 Qg5 23. hxg6 Qxg6 24. Qh1 Rxd3 25. Rxd3 Bc5 26. f4 Ne7 27. f5 Qxg4
28. fxe6 fxe6 29. Qxb7 Ng6 30. Qg7# 1-0

[Event "Titled Tue 1st Jul Early"]
[Site "chess.com INT"]
[Date "2025.07.01"]
[Round "9"]
[White "Ivashentseva, Dominika"]
[Black "Khandhadia, Nivaan Rathin"]
[Result "1-0"]
[WhiteTitle "WCM"]
[BlackTitle "CM"]
[WhiteElo "1970"]
[BlackElo "2112"]
[WhiteFideId "34331050"]
[BlackFideId "25753274"]
[EventDate "2025.07.01"]

1. d4 d5 2. c4 e6 3. Nf3 Nf6 4. g3 Be7 5. Bg2 O-O 6. O-O dxc4 7. Qc2 Nc6 8. Qxc4
Nd5 9. Nc3 Nxc3 10. bxc3 Bf6 11. Rd1 Qd5 12. Qxd5 exd5 13. Bf4 Bd8 14. Ne5 Nxe5
15. dxe5 c6 16. e4 dxe4 17. Bxe4 Bc7 18. Rab1 f6 19. exf6 Bxf4 20. gxf4 Rxf6 21.
Rd8+ Kf7 22. Bxh7 g6 23. Re1 Kg7 24. Re7+ Rf7 25. Rxf7+ Kxf7 26. Rg8 b6 27. Rxg6
Bf5 28. Rh6 Kg7 29. Rxc6 Bxh7 30. f3 Rf8 31. Rc4 Bd3 32. Rd4 Bb5 33. Kf2 Kf6 34.
a4 Re8 35. axb5 1-0

[Event "Titled Tue 1st Jul Early"]
[Site "chess.com INT"]
[Date "2025.07.01"]
[Round "9"]
[White "Foldes, Marton Gabor"]
[Black "Iskusnyh, Sergei"]
[Result "1-0"]
[WhiteTitle "FM"]
[BlackTitle "GM"]
[WhiteElo "2295"]
[BlackElo "2440"]
[WhiteFideId "794708"]
[BlackFideId "4120027"]
[EventDate "2025.07.01"]

1. e4 e6 2. d4 d5 3. Bd3 c5 4. exd5 exd5 5. dxc5 Bxc5 6. Nf3 Nf6 7. O-O O-O 8.
h3 Nc6 9. Bg5 h6 10. Bh4 g5 11. Bg3 Ne4 12. Bxe4 dxe4 13. Ne5 Nxe5 14. Bxe5 Bf5
15. Nd2 Qe7 16. Bc3 Rad8 17. Qe2 e3 18. fxe3 Qxe3+ 19. Qxe3 Bxe3+ 20. Kh2 Bxc2
21. Nf3 Rfe8 22. Rae1 Bd3 23. Rh1 Bf2 24. Rxe8+ Rxe8 25. Rd1 Be4 26. Ne5 Be3 27.
Ng4 Bc2 28. Nf6+ Kf8 29. Bb4+ Re7 30. Rd8+ Kg7 31. Bxe7 Kg6 32. g4 Ba4 33. Rg8# 1-0

[Event "Titled Tue 1st Jul Early"]
[Site "chess.com INT"]
[Date "2025.07.01"]
[Round "9"]
[White "Sarana, Alexey"]
[Black "Christiansen, Johan-Sebastian"]
[Result "1-0"]
[WhiteTitle "GM"]
[BlackTitle "GM"]
[WhiteElo "2686"]
[BlackElo "2642"]
[WhiteFideId "24133795"]
[BlackFideId "1512668"]
[EventDate "2025.07.01"]

1. e4 e5 2. Nf3 Nc6 3. Bb5 f5 4. Nc3 fxe4 5. Nxe4 d5 6. Nxe5 dxe4 7. Nxc6 Qd5 8.
Nxa7+ Bd7 9. c4 Qg5 10. Bxd7+ Kxd7 11. Nb5 Qxg2 12. Rf1 Nf6 13. d4 Bb4+ 14. Nc3
Ng4 15. Bf4 e3 16. fxe3 Rhe8 17. Qe2 Nxe3 18. Qxg2 Nxg2+ 19. Kd2 Bxc3+ 20. Kxc3
Rf8 21. Be5 g6 22. a4 Ne3 23. Rxf8 Rxf8 24. Kd3 Ng4 25. Bg3 Rf3+ 26. Ke4 Rb3 27.
Rf1 1-0

[Event "Titled Tue 1st Jul Early"]
[Site "chess.com INT"]
[Date "2025.07.01"]
[Round "9"]
[White "Niemann, Hans Moke"]
[Black "Movahed, Sina"]
[Result "1-0"]
[WhiteTitle "GM"]
[BlackTitle "GM"]
[WhiteElo "2736"]
[BlackElo "2558"]
[WhiteFideId "2093596"]
[BlackFideId "42520835"]
[EventDate "2025.07.01"]

1. e4 c5 2. Nf3 e6 3. b3 Nc6 4. Bb2 a6 5. c4 Nf6 6. e5 Ng4 7. g3 Qc7 8. Bg2 Be7
9. Qe2 O-O 10. O-O f6 11. exf6 Bxf6 12. Nc3 d6 13. Rae1 Qf7 14. d4 cxd4 15. Ne4
Be7 16. Nxd4 e5 17. Nxc6 bxc6 18. c5 d5 19. Nd6 Bxd6 20. cxd6 Bf5 21. f3 Nf6 22.
Bxe5 Rae8 23. Qd2 c5 24. b4 c4 25. Re3 Bd3 26. Rfe1 Re6 27. f4 Ng4 28. Bxd5 Rfe8
29. Rxd3 cxd3 30. Qxd3 Kh8 31. Bxe6 Rxe6 32. d7 1-0

[Event "Titled Tue 1st Jul Early"]
[Site "chess.com INT"]
[Date "2025.07.01"]
[Round "9"]
[White "Lyakh, Vasiliy"]
[Black "Onyshchuk, Volodymyr"]
[Result "0-1"]
[BlackTitle "GM"]
[WhiteElo "2123"]
[BlackElo "2607"]
[WhiteFideId "14189828"]
[BlackFideId "14114038"]
[EventDate "2025.07.01"]

1. d4 d6 2. e4 Nf6 3. Nc3 g6 4. Nf3 Bg7 5. Be3 c6 6. Qd2 Nbd7 7. O-O-O b5 8. e5
b4 9. Ne2 Nd5 10. Bh6 Bxh6 11. Qxh6 Qa5 12. Kb1 Rb8 13. Nc1 dxe5 14. dxe5 Qc7
15. Qg7 Rf8 16. e6 N7f6 17. Ng5 Bxe6 18. Nxe6 fxe6 19. f3 Qf4 20. Nd3 Qe3 21.
Re1 Qd2 22. Be2 Rg8 23. Qxg8+ Nxg8 24. Bd1 Ngf6 25. Rxe6 Ne3 0-1

[Event "Titled Tue 1st Jul Early"]
[Site "chess.com INT"]
[Date "2025.07.01"]
[Round "9"]
[White "Alvarado Diaz, Alejandro"]
[Black "Nguyen Hong Nhung"]
[Result "1-0"]
[WhiteTitle "IM"]
[BlackTitle "WFM"]
[WhiteElo "2484"]
[BlackElo "2227"]
[WhiteFideId "2276119"]
[BlackFideId "12412201"]
[EventDate "2025.07.01"]

1. e4 c5 2. Nc3 e6 3. Nf3 Nc6 4. g3 g6 5. d4 cxd4 6. Nxd4 a6 7. Nxc6 bxc6 8. Qd4
Qf6 9. e5 Qd8 10. Ne4 Bg7 11. Bd2 d5 12. Nc5 Ne7 13. Bd3 O-O 14. Bc3 f6 15. Qe3
fxe5 16. Bxe5 Qa5+ 17. b4 Qxb4+ 18. c3 Qb2 19. O-O Nf5 20. Bxf5 Rxf5 21. Bxg7
Kxg7 22. Rab1 Qxa2 23. Rb6 Ra7 24. Rxc6 Bd7 25. Rd6 Bb5 26. Nxe6+ Kg8 27. Qxa7
Bxf1 28. Qg7# 1-0

[Event "Titled Tue 1st Jul Early"]
[Site "chess.com INT"]
[Date "2025.07.01"]
[Round "9"]
[White "Joseph Benher, Savio"]
[Black "Sakun, Volodymyr"]
[Result "0-1"]
[BlackTitle "FM"]
[WhiteElo "2143"]
[BlackElo "2301"]
[WhiteFideId "2629453"]
[BlackFideId "14114062"]
[EventDate "2025.07.01"]

1. e4 e5 2. Nf3 Nc6 3. Bb5 g6 4. O-O Bg7 5. c3 a6 6. Ba4 d6 7. h3 Bd7 8. Re1
Nge7 9. d4 O-O 10. d5 Nb8 11. Bxd7 Nxd7 12. c4 h6 13. Nc3 f5 14. Rb1 a5 15. a3
Nc5 16. b4 axb4 17. axb4 Nxe4 18. Nxe4 fxe4 19. Rxe4 c6 20. dxc6 bxc6 21. Re1
Qc7 22. c5 dxc5 23. bxc5 Nd5 24. Bb2 Rae8 25. Qc2 Nf4 26. Nh4 Qf7 27. g3 Nxh3+
28. Kg2 Nxf2 29. Rf1 Qd5+ 30. Kg1 Nd3 31. Nxg6 Rf3 32. Rxf3 Qxf3 33. Qg2 Qe3+
34. Kh2 Re6 35. Nh4 Rf6 36. Qxc6 Rxc6 0-1

[Event "Titled Tue 1st Jul Early"]
[Site "chess.com INT"]
[Date "2025.07.01"]
[Round "9"]
[White "Roebers, Jan"]
[Black "Venskaya, Nika"]
[Result "1/2-1/2"]
[WhiteTitle "FM"]
[BlackTitle "WCM"]
[WhiteElo "2030"]
[BlackElo "1926"]
[WhiteFideId "1007815"]
[BlackFideId "13523503"]
[EventDate "2025.07.01"]

1. e4 c5 2. d4 cxd4 3. c3 dxc3 4. Nxc3 Nc6 5. Nf3 e6 6. Bc4 Bb4 7. O-O Nge7 8.
Bg5 f6 9. Bh4 O-O 10. Qe2 Ng6 11. Bg3 a6 12. Rfd1 Qa5 13. Rac1 Kh8 14. a3 Bxc3
15. Rxc3 b5 16. Bb3 f5 17. Bd6 Rf6 18. e5 Nf4 19. Qe3 Nxg2 20. Kxg2 Rg6+ 21. Kh1
Bb7 22. Rg1 Rg4 23. Rxg4 fxg4 24. Ng5 Nd4+ 25. Kg1 Nxb3 26. Rxb3 Qa4 27. h4 Rc8
28. Kh2 h6 29. Nf7+ Kg8 30. Nxh6+ gxh6 31. Qxh6 Qe4 32. Qg5+ Kh7 33. Qh5+ Kg7
34. Qg5+ Kh7 35. Qh5+ Kg7 36. Qg5+ Kh8 37. Qh5+ Kg7 1/2-1/2

[Event "Titled Tue 1st Jul Early"]
[Site "chess.com INT"]
[Date "2025.07.01"]
[Round "9"]
[White "Estrada Nieto, Julian"]
[Black "Grebeniuk, Semen"]
[Result "1-0"]
[WhiteTitle "IM"]
[WhiteElo "2189"]
[BlackElo "2324"]
[WhiteFideId "5101018"]
[BlackFideId "14117509"]
[EventDate "2025.07.01"]

1. e4 c5 2. Nf3 Nc6 3. Bb5 e6 4. O-O Nge7 5. Re1 b6 6. c3 a6 7. Bf1 d5 8. d4 Bb7
9. exd5 Nxd5 10. c4 Nc7 11. d5 Na5 12. Nc3 Be7 13. Bf4 exd5 14. Bxc7 Qxc7 15.
Nxd5 Bxd5 16. Qxd5 O-O 17. Bd3 g6 18. Qe5 Qxe5 19. Nxe5 Bf6 20. Nd7 Bxb2 21.
Rab1 Bc3 22. Rec1 Bd2 23. Rd1 Rfd8 24. Nxb6 Rab8 25. Rxd2 Nxc4 26. Nxc4 Rxb1+
27. Bxb1 Rb8 28. Rd1 1-0

[Event "Titled Tue 1st Jul Early"]
[Site "chess.com INT"]
[Date "2025.07.01"]
[Round "9"]
[White "Hernandez Samayoa, Dilan Alexander"]
[Black "Purygin, Andrei"]
[Result "1-0"]
[WhiteTitle "CM"]
[BlackTitle "FM"]
[WhiteElo "2006"]
[BlackElo "2335"]
[WhiteFideId "7306679"]
[BlackFideId "24111180"]
[EventDate "2025.07.01"]

1. e4 e5 2. d4 exd4 3. Nf3 Nc6 4. Nxd4 Nxd4 5. Qxd4 d6 6. Nc3 Be6 7. Bf4 c5 8.
Qd2 Nf6 9. Bb5+ Bd7 10. Bxd6 Bxb5 11. Nxb5 Nxe4 12. Nc7+ Kd7 13. Qd5 Bxd6 14.
Nxa8 Re8 15. Qxb7+ Bc7 16. O-O-O+ Nd6 17. Nxc7 Qxc7 18. Rxd6+ Kxd6 19. Rd1+ 1-0

[Event "Titled Tue 1st Jul Early"]
[Site "chess.com INT"]
[Date "2025.07.01"]
[Round "9"]
[White "Fernandez, Maria Florencia"]
[Black "Omariev, Maksim"]
[Result "1-0"]
[WhiteTitle "WIM"]
[BlackTitle "FM"]
[WhiteElo "2163"]
[BlackElo "2304"]
[WhiteFideId "116459"]
[BlackFideId "4193423"]
[EventDate "2025.07.01"]

1. d4 h5 2. c4 h4 3. h3 d6 4. Nc3 e5 5. dxe5 dxe5 6. Qxd8+ Kxd8 7. Nf3 f6 8. Be3
c6 9. O-O-O+ Kc7 10. a3 Be6 11. Nd2 Nd7 12. b4 Ne7 13. Kb2 Nf5 14. Nde4 Nxe3 15.
fxe3 Bxc4 16. Nd2 Nb6 17. e4 a5 18. Nxc4 Nxc4+ 19. Kb3 Nxa3 20. Kxa3 axb4+ 21.
Kb3 Ra3+ 22. Kb2 Rxc3 23. e3 Bc5 24. Be2 Rxe3 25. Bg4 Bd4+ 26. Kc2 Ra8 27. Rb1
Ra2+ 28. Kc1 b3 29. Be6 Rc2+ 30. Kd1 Rd3+ 31. Ke1 b2 32. Rf1 1-0

[Event "Titled Tue 1st Jul Early"]
[Site "chess.com INT"]
[Date "2025.07.01"]
[Round "9"]
[White "Bashirli, Saadat"]
[Black "Panda, Sambit"]
[Result "0-1"]
[WhiteTitle "WCM"]
[BlackTitle "IM"]
[WhiteElo "2005"]
[BlackElo "2379"]
[WhiteFideId "13429990"]
[BlackFideId "25091794"]
[EventDate "2025.07.01"]

1. d4 Nf6 2. c4 b6 3. Nc3 Bb7 4. Qc2 g6 5. e4 d6 6. Bd3 Nc6 7. Nge2 Nb4 8. Qa4+
Nc6 9. d5 Qd7 10. dxc6 Bxc6 11. Qc2 Bg7 12. Nd4 Bb7 13. Be3 Ng4 14. Qe2 O-O 15.
h3 Ne5 16. Bc2 c5 17. Nb3 Ba6 18. Nd2 Nc6 19. O-O Nd4 20. Qd1 e6 21. Re1 f5 22.
exf5 gxf5 23. Bxd4 cxd4 24. Ne2 e5 25. Ng3 e4 26. Bb3 Kh8 27. Qh5 Bb7 28. Rad1
Rae8 29. h4 Re5 30. Qe2 d3 31. Qf1 Qe7 32. f4 Re6 33. c5 Bd4+ 0-1

[Event "Titled Tue 1st Jul Early"]
[Site "chess.com INT"]
[Date "2025.07.01"]
[Round "9"]
[White "Skarbarchuk, Tetyana"]
[Black "Shahinyan, Vladimir"]
[Result "0-1"]
[BlackTitle "CM"]
[WhiteElo "2096"]
[BlackElo "2182"]
[WhiteFideId "14184494"]
[BlackFideId "13314599"]
[EventDate "2025.07.01"]

1. Nf3 Nf6 2. b3 g6 3. e3 Bg7 4. d4 O-O 5. c4 c5 6. Bb2 Ne4 7. Bd3 Qa5+ 8. Nbd2
Nxd2 9. Qxd2 Qxd2+ 10. Kxd2 Nc6 11. Rad1 d6 12. Bc3 Bg4 13. d5 Nb4 14. Bxg7 Kxg7
15. a3 Nxd3 16. Kxd3 a6 17. a4 b5 18. axb5 axb5 19. cxb5 Ra5 20. Kc4 Rb8 21. Ra1
Raxb5 22. Nd2 e6 23. e4 Rb4+ 24. Kc3 exd5 25. exd5 Rd4 26. f3 Bf5 27. g4 Bc8 28.
Nc4 Rxd5 29. Rhd1 Be6 30. Rxd5 Bxd5 31. Rd1 Bxf3 32. Nxd6 Bxd1 33. Nc4 Bxb3 34.
Ne3 Be6 35. g5 Rb3+ 36. Kd2 0-1

[Event "Titled Tue 1st Jul Early"]
[Site "chess.com INT"]
[Date "2025.07.01"]
[Round "9"]
[White "McDonald, Jhustice-Dimonte"]
[Black "Berg, Vadim Daskevich"]
[Result "0-1"]
[WhiteTitle "CM"]
[BlackTitle "IM"]
[WhiteElo "2041"]
[BlackElo "2445"]
[WhiteFideId "7402481"]
[BlackFideId "11601965"]
[EventDate "2025.07.01"]

1. e4 c5 2. Nf3 d6 3. Nc3 Nf6 4. d4 cxd4 5. Nxd4 a6 6. Be2 e5 7. Nb3 Be7 8. Be3
O-O 9. O-O Qc7 10. Bf3 b5 11. a3 Nbd7 12. Qd2 Bb7 13. Rfd1 Rac8 14. Rac1 Nb6 15.
Bxb6 Qxb6 16. Qe2 Rxc3 17. bxc3 Rc8 18. Rd3 a5 19. Rcd1 Ba6 20. Qe3 Qc7 21. g3
a4 22. Nd2 b4 23. cxb4 Bxd3 24. cxd3 Qc3 25. Nc4 Nd7 26. Qa7 Rd8 27. Qxa4 Nf8
28. Qb5 Ne6 29. Qd5 Nd4 30. Bg2 Qc2 31. Rf1 Qxd3 32. a4 Qb3 33. b5 Qxa4 34. b6
Qb4 0-1

[Event "Titled Tue 1st Jul Early"]
[Site "chess.com INT"]
[Date "2025.07.01"]
[Round "9"]
[White "Safin Safarullakhan"]
[Black "Mayta Aiza, Maveric"]
[Result "0-1"]
[WhiteTitle "CM"]
[BlackTitle "CM"]
[WhiteElo "2028"]
[BlackElo "2180"]
[WhiteFideId "33379475"]
[BlackFideId "3307336"]
[EventDate "2025.07.01"]

1. e4 c5 2. Nf3 e6 3. d4 cxd4 4. Nxd4 Nc6 5. Nc3 d6 6. Be2 Nf6 7. O-O Be7 8. Be3
O-O 9. f3 a6 10. Qd2 Nxd4 11. Bxd4 b5 12. a3 Bb7 13. Rad1 Qc7 14. Bxf6 Bxf6 15.
Qxd6 Rac8 16. Qxc7 Rxc7 17. Rd3 Rfc8 18. Rfd1 h6 19. Rd7 Bxc3 20. bxc3 g6 21. h4
Kg7 22. h5 g5 23. Kh2 Kf6 24. Kh3 Ba8 25. Rxc7 Rxc7 26. Rd8 Bb7 27. Rh8 Kg7 28.
Rb8 Bc8 29. c4 bxc4 30. Rb4 c3 31. Ra4 Rc6 32. Kh2 Kf6 33. g3 Ke5 34. Kg2 Bb7
35. Ra5+ Kf6 36. Bd3 e5 37. Rd5 Kg7 38. Rd7 Bc8 39. Re7 Kf6 40. Re8 Be6 41. Ra8
Bc4 42. Bxc4 Rxc4 43. Rxa6+ Kg7 44. Rd6 Ra4 45. Rd3 Rxa3 46. Kf2 Kf6 47. Ke3 g4
48. f4 Ke6 49. f5+ Kf6 50. Rd6+ Kg5 51. Kd3 Kxh5 52. Rc6 Ra1 53. Rxc3 Rg1 54.
Kc4 Rd1 55. Kb3 Kg5 56. Re3 h5 57. c4 h4 58. gxh4+ Kxh4 59. c5 g3 60. Rc3 g2 61.
c6 g1=Q 62. c7 Qb6+ 63. Kc2 Qb1# 0-1

[Event "Titled Tue 1st Jul Early"]
[Site "chess.com INT"]
[Date "2025.07.01"]
[Round "9"]
[White "Brenke, Andreas"]
[Black "Winkels, Marcel"]
[Result "1-0"]
[WhiteTitle "FM"]
[BlackTitle "CM"]
[WhiteElo "2349"]
[BlackElo "1905"]
[WhiteFideId "4602900"]
[BlackFideId "1003887"]
[EventDate "2025.07.01"]

1. d4 Nf6 2. c4 g6 3. Nc3 d5 4. Nf3 Bg7 5. Qb3 dxc4 6. Qxc4 O-O 7. e4 a6 8. Be2
b5 9. Qb3 Bb7 10. e5 Nd5 11. O-O Nd7 12. Nxd5 Nxe5 13. Nxe7+ Qxe7 14. dxe5 Kh8
15. Bg5 Qe8 16. Rfe1 h6 17. Bf6 c5 18. Qe3 Kh7 19. Rad1 Qc6 20. Qf4 c4 21. Bf1
c3 22. bxc3 Qxc3 23. Rd3 Qc2 24. Rde3 Bd5 25. Qh4 Qxa2 26. Bxg7 Kxg7 27. Qf6+
Kh7 28. Ng5+ Kg8 29. Rh3 h5 30. Bd3 Qd2 31. Rf1 Rac8 32. Bxg6 1-0

[Event "Titled Tue 1st Jul Early"]
[Site "chess.com INT"]
[Date "2025.07.01"]
[Round "9"]
[White "Ter-Sahakyan, Samvel"]
[Black "Akhmedov, David"]
[Result "1-0"]
[WhiteTitle "GM"]
[BlackTitle "FM"]
[WhiteElo "2611"]
[BlackElo "2447"]
[WhiteFideId "13302531"]
[BlackFideId "34220194"]
[EventDate "2025.07.01"]

1. d4 Nf6 2. c4 e6 3. Nc3 Bb4 4. f3 O-O 5. a3 Bxc3+ 6. bxc3 c5 7. e4 d6 8. Bd3
Nc6 9. Ne2 e5 10. O-O Nd7 11. Be3 b6 12. f4 Ba6 13. fxe5 cxd4 14. cxd4 dxe5 15.
d5 Na5 16. Ng3 g6 17. Bh6 Re8 18. Qf3 f6 19. Nh5 Bxc4 20. Bxc4 Nxc4 21. Qg4 Kf7
22. Rf3 Rg8 23. Qe6# 1-0

[Event "Titled Tue 1st Jul Early"]
[Site "chess.com INT"]
[Date "2025.07.01"]
[Round "9"]
[White "Grot, Blazej"]
[Black "Javakhadze, Zurab"]
[Result "0-1"]
[WhiteTitle "CM"]
[BlackTitle "IM"]
[WhiteElo "2207"]
[BlackElo "2418"]
[WhiteFideId "21835845"]
[BlackFideId "13603647"]
[EventDate "2025.07.01"]

1. e4 d6 2. d4 Nf6 3. Nc3 g6 4. Nf3 Bg7 5. Be2 a6 6. a4 O-O 7. O-O b6 8. Be3 Bb7
9. d5 Re8 10. Nd4 c5 11. dxc6 Nxc6 12. Bf3 Ne5 13. Re1 Rc8 14. Bf4 Nxf3+ 15.
Nxf3 Rxc3 16. bxc3 Nxe4 17. Qd3 Bxc3 18. Ng5 Bxa1 19. Rxa1 Nxg5 20. Bxg5 Qc7 21.
Be3 Rc8 22. Qd4 Qxc2 23. Qxb6 Qc6 24. Qxc6 Bxc6 25. h4 f6 26. a5 Bb5 27. Rd1 Kf7
28. Kh2 Rc4 29. Kg3 h5 30. Rb1 Rg4+ 31. Kh3 Bd7 32. Rb7 Bf5 33. Kh2 Rxh4+ 34.
Kg1 Ra4 35. Bb6 Bd3 36. f3 Ra2 37. Bc7 Ke8 38. Bb6 g5 39. Rb8+ Kf7 40. g3 d5 41.
Rh8 h4 42. gxh4 gxh4 43. Rxh4 e5 44. Rh6 d4 45. Bd8 Bg6 46. Rh2 Rxh2 47. Kxh2 d3 0-1

[Event "Titled Tue 1st Jul Early"]
[Site "chess.com INT"]
[Date "2025.07.01"]
[Round "9"]
[White "Moghaddamian, Afshin"]
[Black "Shapiro, Daniel"]
[Result "1-0"]
[WhiteTitle "CM"]
[BlackTitle "FM"]
[WhiteElo "2126"]
[BlackElo "2284"]
[WhiteFideId "12503886"]
[BlackFideId "2001780"]
[EventDate "2025.07.01"]

1. Nf3 e6 2. g3 f5 3. Bg2 Nf6 4. O-O Be7 5. d3 d5 6. c4 Nc6 7. Nc3 O-O 8. e4
fxe4 9. dxe4 d4 10. e5 dxc3 11. exf6 Bxf6 12. Qe2 cxb2 13. Bxb2 Bxb2 14. Qxb2
Qf6 15. Qb5 e5 16. Nd2 Nd4 17. Qd5+ Kh8 18. Ne4 Qe7 19. f4 c6 20. Qxe5 Qxe5 21.
fxe5 Ne2+ 22. Kh1 Be6 23. Nd6 Kg8 24. Rab1 Rxf1+ 25. Bxf1 Nc3 26. Rxb7 Nxa2 27.
Re7 Bg4 28. Bg2 a5 29. h3 Bh5 30. Bxc6 Ra6 31. Bd5+ Kf8 32. Rb7 Nb4 33. Rb8+ Ke7
34. Nf5+ Kd7 35. e6+ Kc7 36. Rb7+ Kc8 37. Rb5 Be8 38. Bb7+ Kc7 39. Bxa6 Bxb5 40.
Bxb5 1-0